Vývin ekonomiky Singapuru do roku 2020 bakalárska práca

Uložené v:
Podrobná bibliografia
Hlavný autor: Kubincová, Jana
Korporativný autor: Fakulta medzinárodných vzťahov EU. Katedra medzinárodných ekonomických vzťahov a hospodárskej diplomacie
Ďalší autori: Mizera, Radoslav, 1982-
Médium: Kniha
Jazyk:Slovak
Vydavateľské údaje: Bratislava 2009
Tagy: Pridať tag
Žiadne tagy, Buďte prvý, kto otaguje tento záznam!

MARC

LEADER 00000nam$a2200000$$$4500
001 0099861
005 20240318141005.3
041 0 |a slo 
044 |a SK 
245 1 0 |a Vývin ekonomiky Singapuru do roku 2020  |b bakalárska práca  |c Jana Kubincová ; škol. Radoslav Mizera 
264 1 |a Bratislava  |c 2009 
300 |a 34 s. 
100 1 |a Kubincová, Jana 
700 1 |a Mizera, Radoslav, 1982- 
710 2 |a Fakulta medzinárodných vzťahov EU. Katedra medzinárodných ekonomických vzťahov a hospodárskej diplomacie